000
00340nam a2200145Ia 4500
100
_a
Tocci/R.J & oliver M.E
942
_c
RB
654
_a
eletronic devices
245
_a
Fundamentals of eletronic devices
260
_b
Macmillan pub
_a
Singapore
_c
1991
082
_a
621.3815
_b
TOC/OL
300
_a
688
546
_a
ENGLISH
999
_c
21092
_d
21092